| 000 | 00989nam a22003137a 4500 | ||
|---|---|---|---|
| 003 | CHAP | ||
| 005 | 20220817043118.0 | ||
| 008 | 971010s1973 r 00010 d | ||
| 010 | _a66042 | ||
| 011 | _a67014 | ||
| 035 | _a76086 | ||
| 040 | _cCHAP | ||
| 090 | _aFolleto 1150 | ||
| 100 | 0 | 0 |
_aSouthcombe, F. J. _9108975 |
| 245 | 1 | _aProcedimiento para el desarrollo ganadero | |
| 260 |
_aChapingo, Méx. : _bDirección General de Extensión Agrícola, _c1973 |
||
| 300 | _a11 p. | ||
| 490 |
_aFolleto para extensionistas _v; 14 |
||
| 590 |
_aBATCH-UPD _b10 _c20130110 _lUCH01 _h0509 |
||
| 590 |
_aBATCH-UPD _b10 _c20130410 _lUCH01 _h0147 |
||
| 590 |
_aBATCH-UPD _b10 _c20130914 _lUCH01 _h1428 |
||
| 590 |
_aCONVERSION _b10 _c20130109 _lUCH01 _h1336 |
||
| 650 | 1 | 4 |
_aGanadería _zMéxico. _944867 |
| 650 | 1 | 4 |
_aPolítica ganadera _zMéxico. |
| 830 | 0 |
_aFolleto para extensionistas _v; 14 _942058 |
|
| 901 | _aBK | ||
| 942 | _cFOLL | ||
| 949 |
_aFolleto 1150 _bBC _cFOLL _d-137581 _eTS1 _i76086 _si |
||
| 999 |
_c66042 _d66042 |
||